000 00497nam a22002057a 4500
003 bpm
005 20260325110105.0
008 260325b |||||||| |||| 001 p spa d
020 _a9789872412609
024 _aS. C. C. / M. C. y E. M.:
040 _aAR-CtUCP
041 _aspa
080 _aCDU
100 _aMehlberg Analía
245 _aLa hija del carnicero
260 _aBuenos Aires
_bArtes gráficas EM
_c2007
650 _aLiteratura - Poesía
942 _cLIB
999 _c76590
_d76590